000 00421nam a2200181Ia 4500
001 5179
005 20260306145849.0
008 260306t2010||||xx |||||||||||||| ||spa||
041 _aESP
082 _a337
_bC95
100 _aCue Mancera, Agustín
_eAUT
245 0 _aEconomía internacional
260 _c2010
300 _axi, 290 páginas :
_c25 cm.
650 _aGEN
654 _aCAN
942 _cLIB
_dJUS
_fJUS
_2ddc
_n
999 _c5179
_d5179